Procesos del capitalismo en el campo /

Tallennettuna:
Bibliografiset tiedot
Päätekijä: Solórzano, Juan Pablo
Aineistotyyppi: Teksti
Tagit: Lisää tagi
Ei tageja, Lisää ensimmäinen tagi!

MARC

LEADER 00000 a a2200000 04500
001 45376
003
040
090 |a REV0780 (7)1979  
100 |a Solórzano, Juan Pablo  
245 |a Procesos del capitalismo en el campo /  |c Juan Pablo Solórzano  
773 |g número7, II Epoca, (enero - junio, 1979), páginas 71-86  
999 |c 27598  |d 27598